Emerging tools and applications of virtual reality in education /

Bibliographic Details
Corporate Author: EBSCOhost
Other Authors: Choi, Dong Hwa (Editor), Dailey-Hebert, Amber (Editor), Estes, Judi Simmons, 1947- (Editor)
Format: eBook
Language:English
Published: Hershey, PA : Information Science Reference, an imprint of IGI Global, [2016]
Series:Advances in educational technologies and instructional design.
Subjects:
Online Access:Connect to the full text of this electronic book

MARC

Tag First Indicator Second Indicator Subfields
LEADER 00000cam a22000001i 4500
001 in00003613639
005 20190408151124.0
006 m |o d |
007 cr |n|||||||||
008 160217s2016 paua ob 001 0 eng d
020 |a 9781466698383 (electronic bk.) 
020 |a 1466698381 (electronic bk.) 
020 |z 9781466698376 
020 |z 1466698373 
024 8 |a 40025711530 
035 |a (NhCcYBP)EBSCO1157241 
040 |a NhCcYBP  |c NhCcYBP  |d UtOrBLW 
050 4 |a LB1044.87  |b .E545 2016 
082 0 4 |a 371.33/468  |2 23 
245 0 0 |a Emerging tools and applications of virtual reality in education /  |c [edited by] Dong Hwa Choi, Amber Dailey-Hebert, Judi Simmons Estes. 
264 1 |a Hershey, PA :  |b Information Science Reference, an imprint of IGI Global,  |c [2016] 
300 |a 1 online resource. 
336 |a text  |b txt  |2 rdacontent 
337 |a computer  |b c  |2 rdamedia 
338 |a online resource  |b cr  |2 rdacarrier 
490 1 |a Advances in educational technologies and instructional design (AETID) book series 
504 |a Includes bibliographical references and index. 
588 |a Description based on print version record. 
500 |a Electronic resource. 
650 0 |a Virtual reality in education.  |0 http://id.loc.gov/authorities/subjects/sh99013951 
655 7 |a Electronic books.  |2 local 
700 1 |a Choi, Dong Hwa,  |e editor.  |0 http://id.loc.gov/authorities/names/no2002035223 
700 1 |a Dailey-Hebert, Amber,  |e editor.  |0 http://id.loc.gov/authorities/names/n2008026401 
700 1 |a Estes, Judi Simmons,  |d 1947-  |e editor.  |0 http://id.loc.gov/authorities/names/n2016002078 
710 2 |a EBSCOhost. 
776 1 8 |c Original  |z 9781466698376  |z 1466698373  |w (DLC) 2015046870 
830 0 |a Advances in educational technologies and instructional design.  |0 http://id.loc.gov/authorities/names/no2013116019 
856 4 0 |u http://proxy.library.tamu.edu/login?url=http://search.ebscohost.com/login.aspx?direct=true&scope=site&db=nlebk&db=nlabk&AN=1157241  |z Connect to the full text of this electronic book  |t 0 
955 |a YBP purchased approval e-records 
980 |b 225.00  |g 1 
987 |a ybp12694617 
999 f f |s e59dc0e1-2378-3571-9692-d49a5b4c3a30  |i 03e45da7-07cf-39bd-af29-199de1120df3  |t 0 
952 f f |a Texas A&M University  |b College Station  |c Electronic Resources  |d Available Online  |t 0  |e LB1044.87 .E545 2016  |h Library of Congress classification 
998 f f |a LB1044.87 .E545 2016  |t 0  |l Available Online